| 000 | 00684nam a2200253 4500 | ||
|---|---|---|---|
| 001 | 25590 | ||
| 010 | _a9727704549 | ||
| 021 |
_aPT _b242034/06 |
||
| 090 | _a25590 | ||
| 100 | _a20071112d2006 bc y0pory5003 ba | ||
| 101 | 0 | _apor | |
| 102 | _aPT | ||
| 200 | 1 |
_aA princezinha corajosa _fMário Contumélias _gil. Jorge Brum |
|
| 210 |
_aLisboa _cPlátano _d2006 |
||
| 215 |
_a[32] p. _cil. _d31 cm |
||
| 225 | 2 | _aMário Contumélias | |
| 606 |
_9185 _aLiteratura infantil |
||
| 606 |
_9187 _aHistórias para crianças |
||
| 675 | _a8:087.5 | ||
| 700 |
_aContumélias _bMário _f1948-2017 _4070 _92381 |
||
| 702 |
_aBrum _bJorge _4440 _92382 |
||
| 801 | 0 |
_aPT _bBN _gRPC |
|
| 990 | _cLIVROS | ||
| 994 | _aCOMP | ||